000 00333nam a2200109Ia 4500
008 171211s9999 xx 000 0 und d
245 _aTurbulent Waters: Cross-Border Finance and International Governance
245 _cRalph C. Bryant
260 _c2003
650 _xECONOMICS
856 _uhttp://down.ebook777.com/064/0815700725.pdf
999 _c349525
_d349525